UBT Library

Fundamentals of patenting and licensing for scientists and engineers / (Record no. 41735)

000 -LEADER
fixed length control field 00822cam a22002654a 4500
001 - CONTROL NUMBER
control field 15854698
005 - DATE AND TIME OF LATEST TRANSACTION
control field 20180205042020.0
008 - FIXED-LENGTH DATA ELEMENTS--GENERAL INFORMATION
fixed length control field 090805s2009 njua b 001 0 eng c
010 ## - LIBRARY OF CONGRESS CONTROL NUMBER
LC control number 2009280192
020 ## - INTERNATIONAL STANDARD BOOK NUMBER
International Standard Book Number 9789812834201
020 ## - INTERNATIONAL STANDARD BOOK NUMBER
International Standard Book Number 9812834206
035 ## - SYSTEM CONTROL NUMBER
System control number (OCoLC)ocn318899046
040 ## - CATALOGING SOURCE
Original cataloging agency Nz
Transcribing agency NZLNU
Modifying agency BWX
-- WAU
-- YDXCP
-- DLC
041 ## - LANGUAGE CODE
Language code of text/sound track or separate title eng
042 ## - AUTHENTICATION CODE
Authentication code pcc
080 ## - UNIVERSAL DECIMAL CLASSIFICATION NUMBER
Universal Decimal Classification number 608 MA
082 00 - DEWEY DECIMAL CLASSIFICATION NUMBER
Classification number 608 MA
Edition number 22
100 1# - Rafti
Rafti 27
101 ## - Shkurtesa
Shkurtesa IM
245 10 - TITLE STATEMENT
Title Fundamentals of patenting and licensing for scientists and engineers /
Statement of responsibility, etc Matthew Y. Ma
504 ## - BIBLIOGRAPHY, ETC. NOTE
Bibliography, etc Includes bibliographical references (p. 257-258) and index.
906 ## - LOCAL DATA ELEMENT F, LDF (RLIN)
a 7
b cbc
c pccadap
d 2
e ncip
f 20
g y-gencatlg
942 ## - ADDED ENTRY ELEMENTS (KOHA)
Source of classification or shelving scheme
Item type Books
Holdings
Withdrawn status Lost status Source of classification or shelving scheme Damaged status Not for loan Collection code Permanent location Current location Shelving location Date acquired Total Checkouts Full call number Barcode Date last seen Price effective from Koha item type
          Koleksioni i përgjithshem UBT - Lipjan UBT - Lipjan Koleksioni i përgjithshem 02/05/2018   608 MA 002-2997095 02/05/2018 02/05/2018 Books
UBT Library © 2015-2024. All rights reserved University Education for Business and Technology